ბათუმის შოთა რუსთაველის სახელმწიფო უნივერსიტეტის ბიბლიოთეკა

საინვესტიციო დავის მონაწილე იურიდიულ პირთა იურისდიქცია / (ბიბ.ჩანაწერი № 59406)

000 -ლიდერი
ფიქსირებული სიგრძის საკონტროლო ველი 01007nam a22002057a 4500
003 - საკონტროლო ნომრის იდენტიფიკატორი
საკონტროლო ველი Ge_BSU
005 - ბოლო ოპერაციის თარიღი და დრო
საკონტროლო ველი 20230210124532.0
008 - ფიქსირებული სიგრძის მონაცემთა ელემენტები - ზოგადი ინფორმაცია
ფიქსირებული სიგრძის საკონტროლო ველი 230210s2002 ge ||||| |||| 00| 0 geo d
020 ## - წიგნის საერთაშორისო სტანდარტული ნომერი
International Standard Book Number 9992832274
041 ## - ენის კოდი
Language code of text/sound track or separate title geo
080 ## - უნივერსალური ათობითი კლასიფიკაციის ინდექსი
Universal Decimal Classification number 341.232 + 346.543.1 გ-12
100 ## - მთავარი ჩანაწერი - პიროვნების სახელი
Personal name გაბისონია, ზვიად
9 (RLIN) 8189
245 ## - ცნობა სათაურის შესახებ
Title საინვესტიციო დავის მონაწილე იურიდიულ პირთა იურისდიქცია /
Statement of responsibility, etc ზვიად გაბისონია; [რედ.: ლადო ჭანტურია].
264 ## - წარმოების, გამოცემის, დისტრიბუციის და სხვა ცნობები
გამოცემის, წარმოების, დისტრიბუციის... ადგილი თბილისი:
გამოცემის, წარმოების, დისტრიბუციის... სახელწოდება მერიდიანი,
გამოცემის, წარმოების, დისტრიბუციის... თარიღი 2002.
300 ## - ფიზიკური აღწერა
Extent 264გვ. ;
Other physical details 20სმ.
653 ## - INDEX TERM--UNCONTROLLED
Uncontrolled term საერთაშორისო ინვესტიციები
653 ## - INDEX TERM--UNCONTROLLED
Uncontrolled term საინვესტიციო დავის იურისდიქცია
700 ## - ADDED ENTRY--PERSONAL NAME
Personal name ჭანტურია, ლადო
Relator term რეაქტორი
9 (RLIN) 16881
942 ## - ADDED ENTRY ELEMENTS (KOHA)
Source of classification or shelving scheme
Koha item type წიგნი
ეგზემპლარები
ჩამოწერის სტატუსი დაკარგული ეგზემპლარის სტატუსი კლასიფიკაციის წყარო ან თაროზე გაწყობის სქემა დაზიანების სტატუსი არ გაიცემა მუდმივი მდებარეობა (დაცვის ადგილი) ამჟამინდელი ადგილსამყოფელი თაროზე განთავსების ადგილი შეძენის თარიღი ღირებულება, შესყიდვის ნორმალური ფასი სრული შენახვის შიფრი შტრიხკოდი ბოლო ოპერაციის თარიღი ეგზემპლარის მიმდევრობითი ნომერი (კეტერი?) ფასის ძალაში შესვლის თარიღი ეგზემპლარის სახეობა საჯარო შენიშვნა
          ბათუმის შოთა რუსთაველის სახელმწიფო უნივერსიტეტის მთავარი ბიბლიოთეკა ბათუმის შოთა რუსთაველის სახელმწიფო უნივერსიტეტის მთავარი ბიბლიოთეკა წიგნსაცავი 2023-02-10 8.00 341.232 + 346.543.1 გ-12 63734 2023-02-10 63734 2023-02-10 წიგნი 8 ლ.
          ბათუმის შოთა რუსთაველის სახელმწიფო უნივერსიტეტის მთავარი ბიბლიოთეკა ბათუმის შოთა რუსთაველის სახელმწიფო უნივერსიტეტის მთავარი ბიბლიოთეკა წიგნსაცავი 2023-02-10 8.00 341.232 + 346.543.1 გ-12 63735 2023-02-10 63735 2023-02-10 წიგნი 8 ლ.